000 00331nam a2200145Ia 4500
005 20260328104323.0
008 260328s9999||||xx |||||||||||||| ||und||
100 _aJones, Owen
245 4 _aThe Grammar of Ornament /
_cOwen Jones
250 _a5a ed.
260 _bHerbert
300 _a504 p.
650 _aARTE
942 _cBK
999 _c11421
_d11421